00451nam a2200157Ia 4500008004100000020001800041082001700059100002200076245004000098250000700138260007000145300002900215500001900244600001500263650001500278240925s9999 xx 000 0 und d a9781259097324 a658.4092 SHA aSharkey, Linda D. 0aWinning with Transglobal Leadership aNA aNew Delhi:bMcGraw Hill Education (India) Private Limitedc,2012. axiii, 390p.b0fOriginal aIncludes Index aManagement aManagement